| 000 | 02404nam a2200325 a 4500 | ||
|---|---|---|---|
| 001 | 000040987 | ||
| 005 | 20201002034529.0 | ||
| 008 | 130912s2012 xxuacf 001 0 spa d | ||
| 020 | _a9781457227424 | ||
| 040 |
_aDO-SdBNP _bspa _cBNPHU |
||
| 082 |
_a299.936 _bH875r |
||
| 100 | 1 |
_aHubbard, L. Ron _q(La Fayette Ron), _d1911-1986 _934929 |
|
| 240 | 1 | 0 |
_aRon : the L. Ron Hubbard series. _lEspañol. |
| 245 | 1 | 0 |
_aRonald : la colección de L. Ronald Hubbard / _cL. Ronald Hubbard. |
| 246 | 3 | _aLa colección de L. Ronald Hubbard | |
| 260 |
_aCommerce, California : _bBridge Publications, _c2012. |
||
| 300 |
_a165 p. : _bil. retr., lam. ; _c31 cm. |
||
| 490 | 1 | _aL. Ronald Hubbard Series | |
| 500 | _aIncluye índice temático | ||
| 500 | _aIncluye glosario | ||
| 500 | _aTraducción de: Ron : the L. Ron Hubbard series : the complete biographical encyclopedia, 2012 | ||
| 505 | 0 | _av. 1 L. Ronald Hubbard, un perfil -- v. 2 Aventurero, explorador : hazañas y mundos desconocidos -- v. 3 Dianética : las cartas y diarios -- v. 4 Primeros años de aventuras : las cartas y diarios -- v. 5 Por la libertad : artículos y ensayos -- v. 6 Horticultor : por un mundo más verde -- v. 7 Filántropo : educación, alfabetización y civilización -- v. 8 Filántropo : rehabilitar una sociedad drogada -- v. 9 Filántropo : restaurando el honor y la autoestima -- v. 10 Correspondencia literaria : las cartas y diarios -- v. 11 Navegante : surcando los siete mares -- v. 12 Compositor, intérprete y arreglista -- v. 13 Poéta/letrista : la estética del verso -- v. 14 Filósofo y fundador : el espíritu redescubierto -- v. 15 Fotógrafo : escribiendo con luz -- v. 16 Escritor : configurando la ficción popular | |
| 520 | _aa Cubre las muchas facetas de la vida de L. Ron Hubbard. Incluye su trabajo como novelista y poeta; compositor; como el fundador de la Cienciología; un explorador, y sus intereses en la humanidad y su mejoramiento; la ecología y la educación. Las obras consisten principalmente de escritos de Hubbard que muestran su vida | ||
| 600 | 1 | 4 |
_aHUBBARD, L. RON _q(LA FAYETTE RON), _d1911-1986 _934929 |
| 650 | 4 |
_aCienciología _xBiografías _967421 |
|
| 650 | 4 |
_aAutores estadounidenses _ySIGLO 20 _xBiografías _967422 |
|
| 650 | 4 |
_aPoetas estadounidenses _ySIGLO 20 _xBiografías _967423 |
|
| 830 | 0 |
_aL. Ronald Hubbard Series _967424 |
|
| 910 | _aValidado. Control de calidad MFF | ||
| 999 |
_c40477 _d40477 |
||